Repair and maintenance of FRP structures (Record no. 103500)

MARC details
000 -LEADER
fixed length control field 00877cam a2200253 4500
008 - FIXED-LENGTH DATA ELEMENTS--GENERAL INFORMATION
fixed length control field 040422n2003 000 0 eng u
020 ## - INTERNATIONAL STANDARD BOOK NUMBER
International Standard Book Number 1860816592
035 ## - SYSTEM CONTROL NUMBER
System control number (Sirsi) u125916
041 ## - LANGUAGE CODE
Language code of text/sound track or separate title eng
050 ## - LIBRARY OF CONGRESS CALL NUMBER
Classification number 693.9
-- 18
100 ## - MAIN ENTRY--PERSONAL NAME
Personal name Halliwell, S.
245 ## - TITLE STATEMENT
Title Repair and maintenance of FRP structures
260 ## - PUBLICATION, DISTRIBUTION, ETC.
Place of publication, distribution, etc. Watford
Name of publisher, distributor, etc. BRE
Date of publication, distribution, etc. 2003
300 ## - PHYSICAL DESCRIPTION
Extent 6p.
Dimensions 30cm.
490 ## - SERIES STATEMENT
Series statement BRE Good Repair Guide
Volume/sequential designation 34
520 ## - SUMMARY, ETC.
Summary, etc. Sets out recommendations for the routine inspection and management of fibre-reinforced polymers structures. Details of repair techniques are also given together with their limitations.
650 ## - SUBJECT ADDED ENTRY--TOPICAL TERM
Topical term or geographic name entry element FIBRE REINFORCED POLYMERS
650 ## - SUBJECT ADDED ENTRY--TOPICAL TERM
Topical term or geographic name entry element REPAIR
650 ## - SUBJECT ADDED ENTRY--TOPICAL TERM
Topical term or geographic name entry element BUILT ENVIRONMENT-BUILDING MAINTENANCE AND REFURBISHMENT
690 ## - LOCAL SUBJECT ADDED ENTRY--TOPICAL TERM (OCLC, RLIN)
Topical term or geographic name as entry element Refurbishment
9 (RLIN) 6264
700 ## - ADDED ENTRY--PERSONAL NAME
Personal name Suttie, E. D.
710 ## - ADDED ENTRY--CORPORATE NAME
Corporate name or jurisdiction name as entry element Building Research Establishment
942 ## - ADDED ENTRY ELEMENTS (KOHA)
Suppress in OPAC 0
Holdings
Withdrawn status Lost status Source of classification or shelving scheme Damaged status Not for loan Home library Current library Shelving location Date acquired Total Checkouts Full call number Barcode Date last seen Copy number Price effective from Koha item type
    Dewey Decimal Classification     London London BRE publications 22/04/2004   ENQUIRY DESK 30069136 06/08/2019 1 06/08/2019 Book